000 01009cam a22002294a 4500
005 20250605164130.0
008 250528s ||||||||||||||||||||||||d
035 _a18615
020 _a764151193
040 _aGR-AtMCL
_bgre
_dGR-AtMCL
_eAACR2
245 1 _aModern Painting / The Impressionists - and the Avant-Garde of the 20th Century
260 _c1998
300 _a402
505 0 _aBetween Two Worlds, Romanticism, Reality, Impressionists, Symbolists, Post-Impressionists, The Age of Crisis, Cubists and Futurists, The Avant-Garde, Expressionists, Abstraction, Data and Surrealists, Between the Wars.
520 _aBetween Two Worlds, Romanticism, Reality, Impressionists, Symbolists, Post-Impressionists, The Age of Crisis, Cubists and Futurists, The Avant-Garde, Expressionists, Abstraction, Data and Surrealists, Between the Wars.
700 1 _aBarron's
_94878
700 1 _aCastria Francesca
_94879
700 1 _aZuffi Stefano
_94880
942 _cBK
999 _c3963
_d3963